A Monumental Hellenistic Funerary Ensemble at Callatis on the Western Black Sea (Record no. 91328)
[ view plain ]
| 000 -LEADER | |
|---|---|
| fixed length control field | 01831nam a2200229Ii 4500 |
| 008 - FIXED-LENGTH DATA ELEMENTS--GENERAL INFORMATION | |
| fixed length control field | 221202s xx 000 0 und d |
| 245 #2 - TITLE STATEMENT | |
| Title | A Monumental Hellenistic Funerary Ensemble at Callatis on the Western Black Sea |
| 246 ## - VARYING FORM OF TITLE | |
| Title proper/short title | The Documaci Tumulus: Volume I |
| 264 ## - PRODUCTION, PUBLICATION, DISTRIBUTION, MANUFACTURE, AND COPYRIGHT NOTICE | |
| Name of producer, publisher, distributor, manufacturer | Archaeopress Publishing |
| Date of production, publication, distribution, manufacture, or copyright notice | 2021 |
| 300 ## - PHYSICAL DESCRIPTION | |
| Extent | 1 online resource |
| 336 ## - CONTENT TYPE | |
| Content type term | text |
| Content type code | txt |
| Source | rdacontent |
| 337 ## - MEDIA TYPE | |
| Media type term | computer |
| Media type code | c |
| Source | rdamedia |
| 338 ## - CARRIER TYPE | |
| Carrier type term | online resource |
| Carrier type code | cr |
| Source | rdacarrier |
| 520 ## - SUMMARY, ETC. | |
| Summary, etc. | A Monumental Hellenistic Funerary Ensemble at Callatis on the Western Black Sea presents one of the most spectacular early Hellenistic funerary monuments, recently excavated on the western Black Sea coast by a Romanian-Bulgarian-Polish interdisciplinary research team. Documaci Tumulus, covering a painted tomb, and marked by a monumental statue, was built at the threshold of the 4th to 3rd centuries BC in the cemetery of the Greek City of Callatis. The sophisticated construction techniques and the remains of commemorative rituals attest to the dynamic political arena of the Diadochi wars in the Black Sea area and offer a glimpse into a complex and interconnected world of Hellenistic architects and artists. The monument will fuel discussions about the mechanisms of ritualised identity expression in mixed cultural environments, functioning under the pressure of political change, or about community membership, symbolic discourse and ancestors- all reflected in 'le jeu des miroirs' of the funerary practices. |
| 653 ## - INDEX TERM--UNCONTROLLED | |
| Uncontrolled term | Ancient |
| 653 ## - INDEX TERM--UNCONTROLLED | |
| Uncontrolled term | Greece |
| 653 ## - INDEX TERM--UNCONTROLLED | |
| Uncontrolled term | History |
| 700 1# - ADDED ENTRY--PERSONAL NAME | |
| Personal name | Ștefan, Maria-Magdalena |
| 700 1# - ADDED ENTRY--PERSONAL NAME | |
| Personal name | Sîrbu, Valeriu |
| 856 ## - ELECTRONIC LOCATION AND ACCESS | |
| Uniform Resource Identifier | <a href="https://docs.google.com/spreadsheets/d/1yKIrdCPDAG_9c22mwoOIO2DOhtj65Wqa/edit?usp=sharing&ouid=106555315294820607512&rtpof=true&sd=true ">https://docs.google.com/spreadsheets/d/1yKIrdCPDAG_9c22mwoOIO2DOhtj65Wqa/edit?usp=sharing&ouid=106555315294820607512&rtpof=true&sd=true </a> |
| Link text | List of Curated E-Books |
| 942 ## - ADDED ENTRY ELEMENTS (KOHA) | |
| Koha item type | E-Book |
No items available.